Rasgo breve de la grandeza guanajuateña, generoso desempecho con que celebrò la regocijada dedicacion del sumptuoso templo de la Sagrada Compañia de Jesus que â sus expensas erigiò, solemnizada en el octavario con que annualmente obsequia â su Smâ. Patrona, y madre la Sra. de Guanajuato, madrina del nuevo templo. Siendo diputados D. Vicente Manuel de Sardaneta, y Legaspi, Regidor, y Alcalde Provincial, y D. Antonio Jacinto Diez Madroñedo, que lo son de la mineria, la que generosa erogò todos sus gastos

Detalles Bibliográficos
Formato: Libro
Lenguaje:Undetermined
Spanish
Publicado: Puebla : en la imprenta del Colegio Real de San Ignacio, 1767.
Materias:
Colección:Banco de datos
Acervo:Biblioteca Palafoxiana. Colección bibliográfica
Descripción Física:[2], 77 p. ; 4°
Tema general:Homilética
Notas:Número de localización: 15986-H Encuadernado con 7 obras
LEADER 01001nam a2200157Ia 4500
008 150723s9999 xx 000 0 und d
041 0 |a spa 
050 0 |a PAFX BV4207 R8 
245 1 0 |a Rasgo breve de la grandeza guanajuateña, generoso desempecho con que celebrò la regocijada dedicacion del sumptuoso templo de la Sagrada Compañia de Jesus que â sus expensas erigiò, solemnizada en el octavario con que annualmente obsequia â su Smâ. Patrona, y madre la Sra. de Guanajuato, madrina del nuevo templo. Siendo diputados D. Vicente Manuel de Sardaneta, y Legaspi, Regidor, y Alcalde Provincial, y D. Antonio Jacinto Diez Madroñedo, que lo son de la mineria, la que generosa erogò todos sus gastos 
260 |a Puebla : en la imprenta del Colegio Real de San Ignacio, 1767. 
300 |a [2], 77 p. ; 4° 
500 |a Número de localización: 15986-H Encuadernado con 7 obras 
650 1 0 |a Homilética 
942 |c PALALIB 
943 |g Biblioteca Palafoxiana. Colección bibliográfica 
999 |c 1054280  |d 1054280